Normal view
MARC view
- تأليف شيفر، شارلز / م.مشارك: هوارد ميلمان ؛ ترجمة: نسيمة داود، نزية حمدي
Entry Personal Name
001 - CONTROL NUMBER
- control field: 42823
003 - CONTROL NUMBER IDENTIFIER
- control field: JO-AjAnu
005 - DATE AND TIME OF LATEST TRANSACTION
- control field: 20230606081113.0
008 - FIXED-LENGTH DATA ELEMENTS
- fixed length control field: 230606|| aca||aabn | a|a d
040 ## - CATALOGING SOURCE
- Original cataloging agency: JO-AjAnu
- Transcribing agency: JO-AjAnu
100 ## - HEADING--PERSONAL NAME
- Personal name: تأليف شيفر، شارلز / م.مشارك: هوارد ميلمان ؛ ترجمة: نسيمة داود، نزية حمدي
670 ## - SOURCE DATA FOUND
- Source citation: Work cat.: (JO-AjAnu)21933: تأليف شيفر، شارلز / م.مشارك: هوارد ميلمان ؛ ترجمة: نسيمة داود، نزية حمدي, author, مشكلات الاطفال والمراهقين واساليب المساعدة فيها = How to help children with common problems